Human rights of Indian tribes: An assessment (Record no. 525489)

000 -LEADER
fixed length control field 01792nam a22001577a 4500
008 - FIXED-LENGTH DATA ELEMENTS--GENERAL INFORMATION
fixed length control field 240306b ||||| |||| 00| 0 eng d
100 ## - MAIN ENTRY--PERSONAL NAME
Personal name Tasneem, Kausar
245 ## - TITLE STATEMENT
Title Human rights of Indian tribes: An assessment
260 ## - PUBLICATION, DISTRIBUTION, ETC. (IMPRINT)
Place of publication, distribution, etc Bihar Journal of Public Administration
300 ## - PHYSICAL DESCRIPTION
Extent 20(2), Jul-Dec, 2023: p.384-391
520 ## - SUMMARY, ETC.
Summary, etc Tribal population in India remained the most vulnerable section in a class and caste ridden Indian society in both pre and post Independent India. Despite of several government’s welfare schemes their situation remained unchanged. Here human rights may be defined as those rights which one has precisely because of being a human being. The administrative policies pursued by colonial government and developmental policies adopted by Indian government in the wake of liberalization and globalization finally resulted in displacement and alienation of large chunk of tribal population. In the political sphere this alienation culminated in various sub- national movements. After sensing the deplorable conditions of tribal people, the government of India appointed various commissions -1) to inquire in to their unrest 2) to improve their socio-economic & political conditions. In fact, Tribal India is a tinder box. In this article we will try to explore the reasons behind the rampant violation of human rights of tribals even after more than 75years of independence and how it could be stopped. Unless wiser and humanistic policies are devised to establish true partnership with these people country’s inclusive growth cannot be achieved. – Reproduced


http://www.iipabiharbranch.org/
650 ## - SUBJECT ADDED ENTRY--TOPICAL TERM
Topical term or geographic name as entry element Human rights, Tribal development
9 (RLIN) 50262
773 ## - HOST ITEM ENTRY
Main entry heading Bihar Journal of Public Administration
906 ## - LOCAL DATA ELEMENT F, LDF (RLIN)
Subject DIP TRIBES - INDIA
942 ## - ADDED ENTRY ELEMENTS (KOHA)
Item type Articles
Holdings
Withdrawn status Lost status Source of classification or shelving scheme Damaged status Not for loan Permanent location Current location Date acquired Serial Enumeration / chronology Barcode Date last seen Koha item type
          Indian Institute of Public Administration Indian Institute of Public Administration 2024-03-06 20(2), Jul-Dec, 2023: p.384-391 AR131286 2024-03-06 Articles

Powered by Koha